The Influence of history on Mahan : (Record no. 552502)
[ view plain ]
| 000 -LEADER | |
|---|---|
| fixed length control field | 00705pam a2200169 a 4500 |
| 082 00 - DEWEY DECIMAL CLASSIFICATION NUMBER | |
| Classification number | 359.009 |
| Author Mark | MAH |
| -- | D |
| 245 04 - TITLE STATEMENT | |
| Title | The Influence of history on Mahan : |
| Remainder of title | the proceedings of a conference marking the centenary of Alfred Thayer Mahan's The influence of sea power upon history, 1660-1783 / |
| Statement of responsibility, etc. | edited by John B. Hattendorf. |
| 260 ## - PUBLICATION, DISTRIBUTION, ETC. | |
| Place of publication, distribution, etc. | Newport, R.I. : |
| Name of publisher, distributor, etc. | Naval War College Press, |
| Date of publication, distribution, etc. | 1991. |
| 300 ## - PHYSICAL DESCRIPTION | |
| Extent | vii, 557 p. : |
| Other physical details | ill. ; |
| Dimensions | 23 cm. |
| 490 1# - SERIES STATEMENT | |
| Series statement | Historical monograph series / Naval War College ; |
| 526 ## - STUDY PROGRAM INFORMATION NOTE | |
| Program name | 0 |
| Interest level | 0 |
| Reading level | 0 |
| Title point value | 359_009000000000000_MAH |
| 650 #0 - SUBJECT ADDED ENTRY--TOPICAL TERM | |
| Topical term or geographic name entry element | MCE |
| 9 (RLIN) | 379 |
| 650 #0 - SUBJECT ADDED ENTRY--TOPICAL TERM | |
| Topical term or geographic name entry element | Sea-power |
| General subdivision | Congresses. |
| 9 (RLIN) | 49725 |
| 700 1# - ADDED ENTRY--PERSONAL NAME | |
| Personal name | Hattendorf, John B. |
| 9 (RLIN) | 49726 |
| 700 1# - ADDED ENTRY--PERSONAL NAME | |
| Personal name | Mahan, A. T. |
| 9 (RLIN) | 49706 |
| 942 ## - ADDED ENTRY ELEMENTS (KOHA) | |
| Source of classification or shelving scheme | |
| Koha item type | Book |
| Withdrawn status | Lost status | Source of classification or shelving scheme | Damaged status | Not for loan | Permanent Location | Current Location | Shelving location | Date acquired | Total Checkouts | Full call number | Barcode | Date last seen | Price effective from | Koha item type |
|---|---|---|---|---|---|---|---|---|---|---|---|---|---|---|
| Military College of Engineering (MCE) | Military College of Engineering (MCE) | 01/16/2015 | 359.009 MAH | MCE-ECI/52 | 01/16/2015 | 01/16/2015 | Book |
